[Event "AUTO-MASTER-3190"]
[Site "http://www.queenalice.com/game.php?id=1825148"]
[Date "2023.11.14"]
[Round "1"]
[White "jpribeiro"]
[Black "Redtom"]
[Result "1/2-1/2"]
[WhiteElo "1989"]
[BlackElo "2053"]

1. e4 g6 2. d4 Nf6 3. Nc3 d5 4. e5 Ne4 5. Nxe4 dxe4 6. c3 b6 7. Bb5+ Bd7 8.
Bxd7+ Qxd7 9. Qe2 f5 10. exf6 exf6 11. Qxe4+ Qe7 12. Qxe7+ Bxe7 13. Bf4 Na6 14.
O-O-O 1/2-1/2